000 00347nam a2200133Ia 4500
003 GCL
008 140319s9999 xx 000 0 ara d
040 _aGCL /
_cGCL
082 0 4 _a502
_bس ا
245 1 0 _aاسرار العلم
260 _a[S.N] :
_bالهيئة المصرية العامة للكتاب ،
_c1987
300 _a309 ص
490 _a
999 _c30073
_d30073